|
|
|
|
| LEADER |
00795nam a22002172a 4500 |
| 001 |
000173054 |
| 003 |
CZ BrMZK |
| 005 |
20110131124644.0 |
| 008 |
970107s1988 xr f cze d |
| 040 |
|
|
|a BOA001
|b cze
|
| 080 |
|
|
|a 372.866.47(075.3):377.5
|2 MRF
|
| 100 |
1 |
|
|a Skoupil, Jan
|7 jk01111596
|
| 245 |
1 |
0 |
|a Chemické kontrolní metody pro 4. ročník SPŠ studijního oboru zpracování mouky /
|c Jan Skoupil, Zdeňka Lecjaksová
|
| 250 |
|
|
|a 1. vyd.
|
| 260 |
|
|
|a Praha :
|b SNTL,
|c 1988
|
| 300 |
|
|
|a 279 s.
|
| 700 |
1 |
|
|a Lecjaksová, Zdeňka
|7 mzk2011622345
|
| 910 |
|
|
|a BOA001
|b PK-0106.713
|
| 964 |
|
|
|a Potraviny - kontrola chemická - učebnice - učiliště odborná střední
|
| 990 |
|
|
|a BK
|
| 996 |
7 |
|
|b 3119942365
|c PK-0106.713
|l MZK
|r Sklad / do 1 hodiny
|n 5
|w 000173054
|u 000010
|a 1
|e BOA001
|j MZK50
|s A
|